Geology of India / (Record no. 22433)

MARC details
000 -LEADER
fixed length control field 01337cam a22003015a 4500
005 - DATE AND TIME OF LATEST TRANSACTION
control field 20081020032651.0
008 - FIXED-LENGTH DATA ELEMENTS--GENERAL INFORMATION
fixed length control field 081003s2008 ii ab b 001 0 eng
010 ## - LCCN (DPL NO)
LC control number ENG-92610-11
020 ## - INTERNATIONAL STANDARD BOOK NUMBER
International Standard Book Number 9788185867779 (v. 1)
Terms of availability 200.00 (app) (v.1 & v.2)
020 ## - INTERNATIONAL STANDARD BOOK NUMBER
International Standard Book Number 9788185867786 (v. 2)
035 ## - SYSTEM CONTROL NUMBER
System control number EN-76143-44
037 ## - SOURCE OF ACQUISITION
Source of stock number/acquisition DBAD / PUB
040 ## - CATALOGING SOURCE
Original cataloging agency dpl
Language of cataloging English
082 ## - DEWEY DECIMAL CLASSIFICATION NUMBER
Classification number 551.0954
100 ## - MAIN ENTRY--PERSONAL NAME
Personal name Ramakrishnan, M.
245 ## - TITLE STATEMENT
Title Geology of India /
Statement of responsibility, etc by M. Ramakrishnan [and] R. Vaidyanadhan.
260 ## - PUBLICATION, DISTRIBUTION, ETC. (IMPRINT)
Place of publication, distribution, etc Bangalore :
Name of publisher, distributor, etc Geological Society of India,
Date of publication, distribution, etc 2008
300 ## - PHYSICAL DESCRIPTION
Extent 2 v (xxx, 556p.; xxix, 557-994p.)
Other physical details ill., maps (chiefly col.; one folded) ;
Dimensions 26 cm. +
Accompanying material 1 col. folded map.
500 ## - GENERAL NOTE
General note Includes bibliographical references and index.
500 ## - GENERAL NOTE
General note Vol. 2 acompanied by one folded color map.
500 ## - GENERAL NOTE
General note The price of the books fixed 200.00 (app)
650 ## - SUBJECT ADDED ENTRY--TOPICAL TERM
Topical term or geographic name as entry element Geology
Geographic subdivision India
700 ## - ADDED ENTRY--PERSONAL NAME
Personal name Vaidyanadhan, R.
710 ## - ADDED ENTRY--CORPORATE NAME
Corporate name or jurisdiction name as entry element Geological Society of India.
942 ## - ADDED ENTRY ELEMENTS (KOHA)
Source of classification or shelving scheme Dewey Decimal Classification
Item type English Books
Call number suffix RAM
Classification part 551.0954
Holdings
Withdrawn status Lost status Source of classification or shelving scheme Materials specified (bound volume or other part) Damaged status Not for loan Collection code Home library Current library Date acquired Source of acquisition Cost, normal purchase price Total Checkouts Full call number Barcode Date last seen Copy number Cost, replacement price Koha item type Public note
    Dewey Decimal Classification v.1   Not For Loan Non-fiction D.B.Act.Division D.B.Act.Division 27/01/2009 DBAD / PUB 200.00   RAM EN-76143 27/01/2009 1 200.00 English Books v.1
    Dewey Decimal Classification v.2   Not For Loan Non-fiction D.B.Act.Division D.B.Act.Division 27/01/2009 DBAD / PUB 200.00   RAM EN-76144 27/01/2009 1 200.00 English Books v.2

© Delhi Public Library
Hit Counter
free hit counter